Remittances, household expenditure and investment in rural India: evidence from NSS data (Record no. 114286)

000 -LEADER
fixed length control field 00529pab a2200193 454500
008 - FIXED-LENGTH DATA ELEMENTS--GENERAL INFORMATION
fixed length control field 180718b2015 xxu||||| |||| 00| 0 eng d
100 ## - MAIN ENTRY--PERSONAL NAME
Personal name Parida, Jajati K.
245 ## - TITLE STATEMENT
Title Remittances, household expenditure and investment in rural India: evidence from NSS data
260 ## - PUBLICATION, DISTRIBUTION, ETC.
Date of publication, distribution, etc. 2015
300 ## - PHYSICAL DESCRIPTION
Extent p.79-104.
362 ## - DATES OF PUBLICATION AND/OR SEQUENTIAL DESIGNATION
Dates of publication and/or sequential designation Jan-Jun
650 ## - SUBJECT ADDED ENTRY--TOPICAL TERM
Topical term or geographic name entry element Expenditure
650 ## - SUBJECT ADDED ENTRY--TOPICAL TERM
Topical term or geographic name entry element Investment
650 ## - SUBJECT ADDED ENTRY--TOPICAL TERM
Topical term or geographic name entry element Households
700 ## - ADDED ENTRY--PERSONAL NAME
Personal name Raman, K. Ravi
700 ## - ADDED ENTRY--PERSONAL NAME
Personal name Mohanty, Sanjay K.
773 ## - HOST ITEM ENTRY
Main entry heading Indian Economic Review
909 ## -
-- 114292
Holdings
Withdrawn status Lost status Damaged status Not for loan Permanent Location Current Location Date acquired Serial Enumeration / chronology Barcode Date last seen Price effective from Koha item type
        Indian Institute of Public Administration Indian Institute of Public Administration 2018-07-19 Volume no: 50, Issue no: 1 AR114752 2018-07-19 2018-07-19 Articles

Powered by Koha